Players Who Have Scored 4+ Goals in a UCL Match - Statistics

General Stats
  • This quiz has been taken 397 times
    69 since last reset
  • The average score is 14 of 20
Answer Stats
Answer % Correct
Erling Haaland
100%
Robert Lewandowski
100%
Cristiano Ronaldo
98%
Kylian Mbappe
98%
Lionel Messi
98%
Harry Kane
95%
Zlatan Ibrahimovic
95%
Andriy Shevchenko
91%
Anthony Gordon
83%
Serge Gnabry
83%
Ruud van Nistelrooy
78%
Marco van Basten
77%
Olivier Giroud
74%
Sebastian Haller
69%
Josip Ilicic
52%
Mario Gomez
52%
Luiz Adriano
42%
Simone Inzaghi
34%
Bafetimbi Gomis
15%
Dado Prso
11%
No matching quizzes found
Score Distribution
Percent of People with Each Score
Percentile by Number Answered
Your Score History
You have not taken this quiz since the last reset